=LDR 00000nam 2200000 4500 =001 INLIS000000000013212 =005 20130612104635 =008 ***********************************Ind** =035 ##$$0010-061300000013212 =041 ##$$a Ind =082 ##$$a 92 (Suhud A.R) =090 ##$$a 92 (Suhud A.R), Ars a =245 ##$$a Ar-Suhud, Menyertai setengah abad perjalanan republik, Tim penulis, Aristidies Katoppo =260 ##$$a 2001 $b Jakarta =300 ##$$a 431 hlm, ilus, 22 cm =650 ##$$a Suhud, A =650 ##$$a R =700 ##$$a Katoppo, Aristidis =850 ##$$a NBPNMAT